| 000 | 00773 a2200229 4500 | ||
|---|---|---|---|
| 020 | _a3540434127 | ||
| 020 | _a9783540434122 | ||
| 082 | _a668.9015118 | ||
| 090 |
_c1478 _d1478 |
||
| 245 | 1 | 0 |
_aMathematical modelling for polymer processing / _cVincenzo Capasso, L.L. Bonilla, M. Burger, V. Capasso, A. Fasano, A. Micheletti. |
| 250 | _a2003th ed. | ||
| 260 |
_a[S.l.] : _bSpringer, _c2002. |
||
| 300 |
_a320 p. ; _c23 cm. |
||
| 700 | 1 | _aCapasso, Vincenzo. | |
| 700 | 1 | _aBonilla, L.L. | |
| 700 | 1 | _aBurger, M. | |
| 700 | 1 | _aCapasso, V. | |
| 700 | 1 | _aFasano, A. | |
| 700 | 1 | _aMicheletti, A. | |
| 942 |
_aSNS _cBK _k668.9015118 CAP |
||
| 999 |
_c30089 _d30089 |
||